[Event "Katowice rapid op"]
[Site "Katowice"]
[Date "2025.05.31"]
[Round "2"]
[White "Karut, Kacper"]
[Black "Wojtaszek, Radoslaw"]
[Result "0-1"]
[WhiteElo "2031"]
[BlackElo "2658"]
[PlyCount "88"]
[EventDate "2025.05.31"]
[EventType "swiss"]
[EventRounds "11"]
[EventCountry "POL"]
[SourceTitle "CB24_2025"]
[SourceDate "2025.06.11"]
[SourceVersion "1"]
[SourceVersionDate "2025.06.11"]
[SourceQuality "1"]

1. e4 c6 2. d4 d5 3. Nc3 dxe4 4. Nxe4 Nd7 5. Nf3 Ngf6 6. Nxf6+ Nxf6 7. c3 Bf5 8. Bd3 Bxd3 9. Qxd3 e6 10. 0-0 Be7 11. Bg5 0-0 12. Rad1 h6 13. Bh4 Qa5 14. a3 Rad8 15. Qc2 Rfe8 16. Rfe1 c5 17. dxc5 Qxc5 18. Rxd8 Rxd8 19. Rd1 Rc8 20. Qa4 Qb6 21. Bxf6 Bxf6 22. Qb4 Qc7 23. Qb5 a6 24. Qa4 Qb6 25. Qb4 Qc6 26. h3 g6 27. Rd6 Qc7 28. Qb6 Qxb6 29. Rxb6 Rc7 30. Rd6 Kf8 31. Kf1 Ke7 32. Rd2 h5 33. Ke2 g5 34. g4 hxg4 35. hxg4 Rc4 36. Nd4 Bxd4 37. Rxd4 Rxd4 38. cxd4 Kd6 39. Ke3 Kd5 40. Kd3 b5 41. b3 a5 42. a4 b4 43. f3 f6 44. Ke3 f5 0-1

[Event "POL-ch 82nd"]
[Site "Krakow"]
[Date "2025.05.09"]
[Round "4"]
[White "Wojtaszek, Radoslaw"]
[Black "Piorun, Kacper"]
[Result "1/2-1/2"]
[WhiteElo "2655"]
[BlackElo "2577"]
[PlyCount "80"]
[EventDate "2025.05.06"]
[EventType "tourn"]
[EventRounds "9"]
[EventCountry "POL"]
[EventCategory "12"]
[SourceTitle "CB21_2025"]
[SourceDate "2025.05.21"]
[SourceVersion "1"]
[SourceVersionDate "2025.05.21"]
[SourceQuality "1"]

1. d4 Nf6 2. c4 e6 3. Nc3 Bb4 4. e3 0-0 5. Bd3 c5 6. Nge2 d5 7. cxd5 cxd4 8. exd4 Nxd5 9. 0-0 Nc6 10. a3 Be7 11. Bc2 Nf6 12. Bg5 h6 13. Bh4 Nh5 14. Qd3 g6 15. Bxe7 Nxe7 16. Qe3 Kg7 17. Qe5+ Nf6 18. Rad1 Bd7 19. Nf4 Rc8 20. Rfe1 Re8 21. Bb3 Qc7 22. h3 Qb8 23. Re3 Nf5 24. Red3 Bc6 25. Qxb8 Rxb8 26. d5 exd5 27. Nfxd5 Nxd5 28. Bxd5 Bxd5 29. Rxd5 Re7 30. g3 Rbe8 31. Kg2 h5 32. Kf3 Kf8 33. Rd8 Rxd8 34. Rxd8+ Kg7 35. Kf4 f6 36. Nd5 Re2 37. Rd7+ Kh6 38. Kf3 Rxb2 39. Nxf6 g5 40. a4 Kg6 1/2-1/2

[Event "EU-ch 25th"]
[Site "Eforie Nord"]
[Date "2025.03.24"]
[Round "9"]
[White "Wojtaszek, Radoslaw"]
[Black "Sargsyan, Sargis Vach"]
[Result "1-0"]
[WhiteElo "2659"]
[BlackElo "2424"]
[PlyCount "103"]
[EventDate "2025.03.15"]
[EventType "swiss"]
[EventRounds "11"]
[EventCountry "ROU"]
[SourceTitle "CB13_2025"]
[SourceDate "2025.03.26"]
[SourceVersion "1"]
[SourceVersionDate "2025.03.26"]
[SourceQuality "1"]

1. e4 e5 2. Nf3 Nc6 3. Bb5 a6 4. Ba4 Nf6 5. d3 b5 6. Bb3 Bc5 7. Bg5 h6 8. Bh4 d6 9. c3 Bb6 10. a4 Rb8 11. axb5 axb5 12. Na3 g5 13. Bg3 b4 14. Nc4 bxc3 15. bxc3 0-0 16. 0-0 Be6 17. Re1 Kg7 18. Ba4 Bxc4 19. Bxc6 Be6 20. d4 Nh5 21. Nxe5 Nxg3 22. Nd3 Nxe4 23. Rxe4 Bd7 24. Nb4 Re8 25. Rxe8 Qxe8 26. Bxd7 Qxd7 27. Nd5 Qe6 28. Ne3 f5 29. Qd3 f4 30. Nf5+ Kf6 31. g4 fxg3 32. fxg3 Kf7 33. Rf1 Kg8 34. Rf3 Kh8 35. Re3 Qf6 36. Ne7 Ra8 37. Re1 d5 38. Nxd5 Qf7 39. Ne7 c5 40. Qe4 Ra7 41. Nc8 cxd4 42. Nxb6 dxc3 43. Qd4+ Kh7 44. Qxc3 Ra2 45. Rf1 Qa7 46. Qd3+ Kg7 47. Qd4+ Kh7 48. Qe4+ Kg7 49. Qe5+ Kh7 50. Qf5+ Kg7 51. Qf6+ Kh7 52. Re1 1-0

[Event "EU-ch 25th"]
[Site "Eforie Nord"]
[Date "2025.03.23"]
[Round "8"]
[White "Aizenberg, Benny"]
[Black "Wojtaszek, Radoslaw"]
[Result "1/2-1/2"]
[WhiteElo "2441"]
[BlackElo "2659"]
[PlyCount "147"]
[EventDate "2025.03.15"]
[EventType "swiss"]
[EventRounds "11"]
[EventCountry "ROU"]
[SourceTitle "CB13_2025"]
[SourceDate "2025.03.26"]
[SourceVersion "1"]
[SourceVersionDate "2025.03.26"]
[SourceQuality "1"]

1. e4 c6 2. d4 d5 3. Nd2 dxe4 4. Nxe4 Bf5 5. Ng3 Bg6 6. h4 h6 7. Nf3 Nd7 8. h5 Bh7 9. Bd3 Bxd3 10. Qxd3 e6 11. Bd2 Ngf6 12. 0-0-0 Be7 13. Ne4 Nxe4 14. Qxe4 Nf6 15. Qe2 Qd5 16. c4 Qe4 17. Qxe4 Nxe4 18. Be3 f5 19. g3 Bd6 20. Ne5 0-0 21. Nd3 Rfd8 22. Kc2 Rac8 23. b3 Re8 24. Rdg1 Nf6 25. f3 e5 26. dxe5 Bxe5 27. Nxe5 Rxe5 28. Bd2 Re2 29. Kd3 Rce8 30. Re1 Rxe1 31. Bxe1 f4 32. Bf2 fxg3 33. Bxg3 Kf7 34. a4 c5 35. a5 Re6 36. Bf4 Nd7 37. Rb1 Ra6 38. Bd2 Rd6+ 39. Ke2 Nb8 40. Be3 b6 41. axb6 axb6 42. b4 cxb4 43. Rxb4 Nd7 44. Rb5 Re6 45. Kf2 Rc6 46. Kg3 Rxc4 47. Bxb6 Nf6 48. Be3 Ra4 49. Bc1 Ra1 50. Rc5 Nxh5+ 51. Rxh5 Rxc1 52. Ra5 Re1 53. f4 Kf6 54. Ra6+ Re6 55. Ra5 Rb6 56. Kg4 g6 57. Ra3 h5+ 58. Kg3 Rb5 59. Ra6+ Kf5 60. Ra3 Rd5 61. Kf3 h4 62. Rb3 Ra5 63. Rc3 Rd5 64. Ra3 h3 65. Kg3 h2 66. Kxh2 Kxf4 67. Kg2 Rd2+ 68. Kg1 Re2 69. Ra6 g5 70. Ra3 Re3 71. Rxe3 Kxe3 72. Kg2 g4 73. Kg3 Ke4 74. Kxg4 1/2-1/2

[Event "EU-ch 25th"]
[Site "Eforie Nord"]
[Date "2025.03.22"]
[Round "7"]
[White "Bernadskiy, Vitaliy"]
[Black "Wojtaszek, Radoslaw"]
[Result "1-0"]
[WhiteElo "2529"]
[BlackElo "2659"]
[PlyCount "119"]
[EventDate "2025.03.15"]
[EventType "swiss"]
[EventRounds "11"]
[EventCountry "ROU"]
[SourceTitle "CB13_2025"]
[SourceDate "2025.03.26"]
[SourceVersion "1"]
[SourceVersionDate "2025.03.26"]
[SourceQuality "1"]

1. d4 Nf6 2. c4 e6 3. Nf3 d5 4. Nc3 Bb4 5. Qb3 a5 6. Bg5 c5 7. a3 a4 8. Qc2 Bxc3+ 9. bxc3 Nbd7 10. cxd5 exd5 11. e3 Qa5 12. Bd3 b6 13. 0-0 Ba6 14. Bxa6 Qxa6 15. dxc5 bxc5 16. Bxf6 Nxf6 17. c4 Qxc4 18. Qxc4 dxc4 19. Rfc1 Ke7 20. Rxc4 Rhc8 21. Rac1 Ra5 22. g4 h6 23. h4 Ne8 24. Re4+ Kf8 25. Ne5 Nd6 26. Nd7+ Kg8 27. Re5 Ra7 28. Nb6 Rb8 29. Nc4 Nxc4 30. Rxc4 Rb3 31. Re8+ Kh7 32. Rxc5 Rxa3 33. Rcc8 Ra1+ 34. Kg2 a3 35. h5 g5 36. Rh8+ Kg7 37. Rcg8+ Kf6 38. Rxh6+ Ke7 39. Rgg6 Rb1 40. Re6+ Kf8 41. Ra6 Rbb7 42. Rh8+ Kg7 43. Ra8 Rxa8 44. Rxa8 Rb4 45. Kf3 Rb3 46. Ra5 Kh6 47. Ke4 Rb2 48. f4 gxf4 49. exf4 a2 50. Ra6+ Kg7 51. g5 Rh2 52. h6+ Kh7 53. Kf5 Rb2 54. Ra7 Kg8 55. Ra8+ Kh7 56. Kf6 Rf2 57. f5 Rg2 58. Ra7 Kg8 59. g6 fxg6 60. fxg6 1-0

[Event "EU-ch 25th"]
[Site "Eforie Nord"]
[Date "2025.03.19"]
[Round "5"]
[White "Wojtaszek, Radoslaw"]
[Black "Dudin, Gleb"]
[Result "1/2-1/2"]
[WhiteElo "2659"]
[BlackElo "2544"]
[PlyCount "76"]
[EventDate "2025.03.15"]
[EventType "swiss"]
[EventRounds "11"]
[EventCountry "ROU"]
[SourceTitle "CB13_2025"]
[SourceDate "2025.03.26"]
[SourceVersion "1"]
[SourceVersionDate "2025.03.26"]
[SourceQuality "1"]

1. d4 Nf6 2. c4 e6 3. g3 d5 4. Bg2 Be7 5. Nf3 0-0 6. 0-0 dxc4 7. Qc2 a6 8. a4 Nc6 9. Qxc4 Na5 10. Qc2 b6 11. Ne5 Bb7 12. Bxb7 Nxb7 13. Nc6 Qe8 14. Rd1 Bc5 15. Ne5 Bd6 16. Nd2 c5 17. Ndc4 cxd4 18. Nxd6 Nxd6 19. Rxd4 Nf5 20. Rd1 Qb8 21. Nd7 Nxd7 22. Rxd7 Qe8 23. Qd3 Ne7 24. b3 Nd5 25. Rd6 Qb8 26. Ba3 Rd8 27. Rxd8+ Qxd8 28. Rd1 Qe8 29. e4 Nf6 30. f3 h6 31. Bb2 a5 32. Bxf6 gxf6 33. Qd4 b5 34. Qxf6 bxa4 35. Qxh6 axb3 36. Qg5+ Kf8 37. Qh6+ Kg8 38. Qg5+ Kf8 1/2-1/2

[Event "EU-ch 25th"]
[Site "Eforie Nord"]
[Date "2025.03.15"]
[Round "1"]
[White "Wojtaszek, Radoslaw"]
[Black "Noy, Eyal"]
[Result "1-0"]
[WhiteElo "2659"]
[BlackElo "2337"]
[PlyCount "126"]
[EventDate "2025.03.15"]
[EventType "swiss"]
[EventRounds "11"]
[EventCountry "ROU"]
[SourceTitle "CB13_2025"]
[SourceDate "2025.03.26"]
[SourceVersion "1"]
[SourceVersionDate "2025.03.26"]
[SourceQuality "1"]

1. d4 Nf6 2. c4 e6 3. Nf3 b6 4. a3 Bb7 5. Bf4 Be7 6. Nc3 d5 7. cxd5 Nxd5 8. Nxd5 Bxd5 9. Qc2 Bxf3 10. exf3 Bd6 11. Be3 Nd7 12. f4 0-0 13. f5 exf5 14. Qxf5 Nf6 15. Bc4 Qc8 16. Qxc8 Raxc8 17. h3 c5 18. Ba6 Rc7 19. 0-0 cxd4 20. Bxd4 Re8 21. Rfd1 Re6 22. Rac1 Rxc1 23. Rxc1 Bf4 24. Rc8+ Re8 25. Kf1 Rxc8 26. Bxc8 Kf8 27. Ke2 Ke7 28. g3 Bc7 29. Kd3 Ne8 30. Ba6 f6 31. Bb5 Bd6 32. Bxe8 Kxe8 33. Kc4 Kd7 34. Kb5 Kc7 35. Ka6 Kc6 36. a4 Bb4 37. Be3 g6 38. Kxa7 b5 39. axb5+ Kxb5 40. Kb7 Bd6 41. Kc8 Be5 42. b3 Kb4 43. Kd7 Kxb3 44. Ke6 Kc4 45. g4 Bc3 46. Bb6 Kd3 47. Bd8 Ke4 48. Bxf6 Be1 49. Kf7 Bxf2 50. Kg7 h5 51. Kxg6 hxg4 52. hxg4 Be3 53. Bg5 Bc5 54. Bc1 Be7 55. Bd2 Bd8 56. Bc3 Kf4 57. Kh5 Be7 58. Be1 Ke5 59. Bh4 Bc5 60. g5 Ke6 61. g6 Bd4 62. Kh6 Bc5 63. g7 Kd5 1-0

[Event "POL-chT Ekstraliga"]
[Site "Walbrzych"]
[Date "2024.10.13"]
[Round "7.26"]
[White "Sernecki, Franciszek"]
[Black "Wojtaszek, Radoslaw"]
[Result "0-1"]
[WhiteElo "2335"]
[BlackElo "2673"]
[PlyCount "142"]
[EventDate "2024.10.07"]
[EventType "team-tourn"]
[EventRounds "9"]
[EventCountry "POL"]
[SourceTitle "CB42_2024"]
[Source "ChessBase"]
[SourceDate "2024.10.16"]
[SourceVersion "1"]
[SourceVersionDate "2024.10.16"]
[SourceQuality "1"]
[WhiteTeam "Sedziszow Malopolski"]
[BlackTeam "Bydgoszcz Energia Gwiazda"]
[WhiteTeamCountry "POL"]
[BlackTeamCountry "POL"]

1. d4 Nf6 2. c4 e6 3. Nf3 h6 4. g3 Bb4+ 5. Nbd2 0-0 6. Bg2 d5 7. 0-0 b6 8. Qc2 Bb7 9. a3 Be7 10. Ne5 c5 11. dxc5 bxc5 12. Rd1 Qc8 13. Ndf3 a5 14. cxd5 exd5 15. Nh4 Qe6 16. Nd3 g5 17. Nf3 Nbd7 18. b3 Ne4 19. Bb2 Rac8 20. Rac1 d4 21. Re1 Bd5 22. e3 Bxb3 23. Qe2 Nef6 24. exd4 Qxe2 25. Rxe2 c4 26. Nde5 Nb6 27. Ng4 Nfd5 28. Rxe7 Nxe7 29. Nf6+ Kg7 30. d5 c3 31. Rxc3 Rxc3 32. Bxc3 Rc8 33. d6 Rxc3 34. dxe7 Ba4 35. e8Q Bxe8 36. Nxe8+ Kf8 37. Nd6 Rxa3 38. h4 a4 39. Nb5 Ra1+ 40. Kh2 gxh4 41. Nxh4 Rb1 42. Na3 Rb3 43. Nc2 a3 44. Nxa3 Rxa3 45. Nf5 Ra5 46. Bh3 h5 47. f3 Nd5 48. Bf1 Nf6 49. Nh4 Ra2+ 50. Kh3 Ra3 51. Bc4 Rc3 52. Be2 Nd5 53. Nf5 f6 54. Nh4 Kf7 55. Bb5 Ne3 56. Be2 Rc1 57. g4 Re1 58. Bd3 hxg4+ 59. fxg4 Rh1+ 60. Kg3 Rg1+ 61. Kf2 Rxg4 62. Nf3 Nd5 63. Ba6 Rb4 64. Kg3 f5 65. Ne5+ Kf6 66. Nf3 Nc3 67. Kf2 Ne4+ 68. Ke2 Nc5 69. Bc8 Rb8 70. Bxf5 Kxf5 71. Nd4+ Ke4 0-1

[Event "POL-chT Ekstraliga"]
[Site "Walbrzych"]
[Date "2024.10.10"]
[Round "4.8"]
[White "Wojtaszek, Radoslaw"]
[Black "Navara, David"]
[Result "1/2-1/2"]
[WhiteElo "2673"]
[BlackElo "2683"]
[PlyCount "35"]
[EventDate "2024.10.07"]
[EventType "team-tourn"]
[EventRounds "9"]
[EventCountry "POL"]
[SourceTitle "CB42_2024"]
[Source "ChessBase"]
[SourceDate "2024.10.16"]
[SourceVersion "1"]
[SourceVersionDate "2024.10.16"]
[SourceQuality "1"]
[WhiteTeam "Bydgoszcz Energia Gwiazda"]
[BlackTeam "Katowice Wasko"]
[WhiteTeamCountry "POL"]
[BlackTeamCountry "POL"]

1. d4 Nf6 2. c4 e6 3. Nf3 d5 4. g3 Be7 5. Bg2 0-0 6. Nc3 Nbd7 7. Qd3 b6 8. cxd5 Nxd5 9. 0-0 Bb7 10. Rd1 Nxc3 11. Qxc3 Rc8 12. Be3 Bd5 13. Rac1 c5 14. dxc5 Bxc5 15. Bxc5 Rxc5 16. Qd4 Qa8 17. Rxc5 Nxc5 18. Ne1 1/2-1/2

[Event "Olympiad-45"]
[Site "Budapest"]
[Date "2024.09.14"]
[Round "4.6"]
[White "Pultinevicius, Paulius"]
[Black "Wojtaszek, Radoslaw"]
[Result "1/2-1/2"]
[WhiteElo "2587"]
[BlackElo "2681"]
[PlyCount "68"]
[EventDate "2024.09.11"]
[EventType "team-swiss"]
[EventRounds "11"]
[EventCountry "HUN"]
[SourceTitle "EXT 2025"]
[Source "ChessBase"]
[SourceDate "2024.10.14"]
[SourceVersion "1"]
[SourceVersionDate "2024.10.14"]
[SourceQuality "1"]
[WhiteTeam "Lithuania"]
[BlackTeam "Poland"]
[WhiteTeamCountry "LTU"]
[BlackTeamCountry "POL"]

1. d4 Nf6 2. c4 e6 3. Nc3 Bb4 4. Qb3 c5 5. dxc5 Nc6 6. Nf3 Ne4 7. Bd2 Nxd2 8. Nxd2 Bxc5 9. g3 b6 10. Bg2 Bb7 11. 0-0 Rc8 12. Rac1 0-0 13. Qa4 f5 14. Nb3 a6 15. Nxc5 bxc5 16. Rcd1 Qc7 17. f4 Nd4 18. Bxb7 Qxb7 19. Rd2 e5 20. fxe5 Rce8 21. Qa5 Qc6 22. Nd5 f4 23. gxf4 Qg6+ 24. Kf2 Rxe5 25. Qxc5 Nc6 26. Qxf8+ Kxf8 27. fxe5 Qe4 28. b3 Nxe5 29. Kg1+ Ke8 30. Nc7+ Kd8 31. Nd5 Qg4+ 32. Kh1 Qe4+ 33. Kg1 Qg4+ 34. Kh1 Qe4+ 1/2-1/2

[Event "Rubinstein Memorial 60th"]
[Site "Polanica Zdroj"]
[Date "2024.08.24"]
[Round "8"]
[White "Wojtaszek, Radoslaw"]
[Black "Sarana, Alexey"]
[Result "1/2-1/2"]
[WhiteElo "2680"]
[BlackElo "2717"]
[PlyCount "61"]
[EventDate "2024.08.17"]
[EventType "tourn"]
[EventRounds "9"]
[EventCountry "POL"]
[EventCategory "18"]
[SourceTitle "CBM 221 Extra"]
[Source "ChessBase"]
[SourceDate "2024.09.30"]
[SourceVersion "1"]
[SourceVersionDate "2024.09.30"]
[SourceQuality "1"]

1. d4 Nf6 2. c4 e6 3. Nf3 d5 4. g3 Be7 5. Bg2 0-0 6. 0-0 c6 7. Qc2 b6 8. Bf4 Nbd7 9. cxd5 cxd5 10. Rc1 Bb7 11. Bc7 Qe8 12. Qb3 Ne4 13. Nc3 Nxc3 14. Rxc3 Nb8 15. a4 Na6 16. Bf4 Bb4 17. Rc2 Qe7 18. Rac1 Rfc8 19. Bf1 Bd6 20. Bxd6 Qxd6 21. e3 Nb4 22. Rxc8+ Rxc8 23. Rxc8+ Bxc8 24. Qc3 Bb7 25. Ne5 f6 26. Nd3 Nxd3 27. Bxd3 Qc6 28. Qxc6 Bxc6 29. b3 g5 30. f4 h6 31. Kf2 1/2-1/2

[Event "POL-ch 81st"]
[Site "Rzeszow"]
[Date "2024.05.30"]
[Round "9"]
[White "Wojtaszek, Radoslaw"]
[Black "Kosakowski, Jakub"]
[Result "1-0"]
[WhiteElo "2671"]
[BlackElo "2476"]
[PlyCount "113"]
[EventDate "2024.05.22"]
[EventType "tourn"]
[EventRounds "9"]
[EventCountry "POL"]
[EventCategory "12"]
[SourceTitle "CBM 220 Extra"]
[Source "ChessBase"]
[SourceDate "2024.07.31"]
[SourceVersion "1"]
[SourceVersionDate "2024.07.31"]
[SourceQuality "1"]

1. d4 Nf6 2. c4 e6 3. Nf3 d5 4. g3 Bb4+ 5. Bd2 a5 6. Bg2 0-0 7. Qc2 c5 8. cxd5 cxd4 9. Nxd4 Qb6 10. e3 exd5 11. 0-0 Nc6 12. Nxc6 bxc6 13. Rc1 Bd7 14. Nc3 h5 15. Na4 Qc7 16. Bxb4 axb4 17. Nc5 h4 18. Nxd7 Qxd7 19. Qxc6 Qf5 20. Qc2 Qxc2 21. Rxc2 b3 22. Rc3 bxa2 23. Ra3 Rab8 24. R3xa2 hxg3 25. hxg3 Rfc8 26. Rd1 Rc2 27. Bxd5 Nxd5 28. Rxd5 Rcxb2 29. Ra7 R2b7 30. Raa5 Re7 31. Kg2 g6 32. g4 Rb2 33. Rd8+ Kg7 34. g5 f6 35. gxf6+ Kxf6 36. Rf8+ Kg7 37. Rf3 Rb6 38. Kg3 Rc6 39. Rf4 Rb6 40. Ra8 Rc7 41. Rh4 Rb5 42. Ra6 Rg5+ 43. Rg4 Rxg4+ 44. Kxg4 Rc5 45. e4 Rb5 46. Ra7+ Kf6 47. f4 Rb1 48. e5+ Ke6 49. Kg5 Rg1+ 50. Kh6 Rg4 51. Ra6+ Ke7 52. Rf6 Ke8 53. Kg7 Ke7 54. Rf7+ Ke8 55. e6 Rg1 56. Kf6 Rg4 57. f5 1-0

[Event "POL-ch 81st"]
[Site "Rzeszow"]
[Date "2024.05.29"]
[Round "8"]
[White "Psyk, Radoslaw"]
[Black "Wojtaszek, Radoslaw"]
[Result "0-1"]
[WhiteElo "2478"]
[BlackElo "2671"]
[PlyCount "120"]
[EventDate "2024.05.22"]
[EventType "tourn"]
[EventRounds "9"]
[EventCountry "POL"]
[EventCategory "12"]
[SourceTitle "CBM 220 Extra"]
[Source "ChessBase"]
[SourceDate "2024.07.31"]
[SourceVersion "1"]
[SourceVersionDate "2024.07.31"]
[SourceQuality "1"]

1. e4 e5 2. Nf3 Nc6 3. d4 exd4 4. Nxd4 Nf6 5. Nxc6 bxc6 6. e5 Qe7 7. Qe2 Nd5 8. h4 d6 9. c4 Nb6 10. exd6 cxd6 11. Be3 d5 12. Nd2 dxc4 13. g3 Be6 14. h5 Qd7 15. Rh4 Be7 16. Rd4 Bd5 17. h6 g6 18. Bg5 0-0-0 19. Bxe7 Rde8 20. 0-0-0 Rxe7 21. Qg4 Rd8 22. Qxd7+ Rexd7 23. Nb1 Be6 24. Rxd7 Nxd7 25. Nd2 Ne5 26. Re1 Rxd2 27. Kxd2 Nf3+ 28. Kd1 Nxe1 29. Kxe1 c3 30. b3 Kd7 31. Kd1 Bf5 32. Bc4 f6 33. b4 Kd6 34. f4 Be6 35. Bd3 f5 36. Kc2 Bxa2 37. Kxc3 c5 38. Bb5 Bf7 39. Ba4 a6 40. Bd1 Kc6 41. Ba4+ Kb6 42. Bd7 cxb4+ 43. Kxb4 a5+ 44. Kc3 Kc5 45. Ba4 Kd6 46. Bd1 Be6 47. Kd4 Ke7 48. Ba4 Bd7 49. Bb3 a4 50. Bg8 a3 51. Kc3 Be6 52. Bxh7 Bf7 53. Kc2 Kd6 54. Kc3 Kc5 55. Kc2 Kd4 56. g4 a2 57. Kb2 fxg4 58. f5 g3 59. fxg6 a1Q+ 60. Kxa1 Bd5 0-1

[Event "Katowice Silesia 100th Ann op"]
[Site "Katowice"]
[Date "2024.04.28"]
[Round "10"]
[White "Piorun, Kacper"]
[Black "Wojtaszek, Radoslaw"]
[Result "0-1"]
[WhiteElo "2599"]
[BlackElo "2671"]
[PlyCount "74"]
[EventDate "2024.04.27"]
[EventType "swiss (rapid)"]
[EventRounds "11"]
[EventCountry "POL"]
[SourceTitle "CBM 220 Extra"]
[Source "ChessBase"]
[SourceDate "2024.07.31"]
[SourceVersion "1"]
[SourceVersionDate "2024.07.31"]
[SourceQuality "1"]

1. e4 c5 2. c3 d5 3. exd5 Qxd5 4. d4 Nf6 5. Nf3 e6 6. Na3 Qd8 7. Nc2 Nbd7 8. Be2 b6 9. 0-0 Bb7 10. a4 Bd6 11. Ne3 0-0 12. Nc4 Bc7 13. Bg5 h6 14. Bh4 cxd4 15. Nxd4 Qb8 16. Bg3 a6 17. Bf3 Bxg3 18. hxg3 Bxf3 19. Qxf3 Qc7 20. Qe2 Rac8 21. Ne3 Qb7 22. Rfc1 Rfd8 23. b4 Ne4 24. b5 axb5 25. Nxb5 Ndc5 26. Rd1 Rxd1+ 27. Qxd1 Qe7 28. c4 Rd8 29. Qf3 Rd2 30. Rf1 Qg5 31. g4 Ra2 32. Qh3 Nd3 33. Nd1 Nf4 34. Qh2 Qxg4 35. Ne3 Qg5 36. Nd4 Nd2 37. Rd1 e5 0-1

[Event "Katowice Silesia 100th Ann op"]
[Site "Katowice"]
[Date "2024.04.28"]
[Round "9"]
[White "Wojtaszek, Radoslaw"]
[Black "Kozak, Antoni"]
[Result "1-0"]
[WhiteElo "2671"]
[BlackElo "2434"]
[PlyCount "171"]
[EventDate "2024.04.27"]
[EventType "swiss (rapid)"]
[EventRounds "11"]
[EventCountry "POL"]
[SourceTitle "CBM 220 Extra"]
[Source "ChessBase"]
[SourceDate "2024.07.31"]
[SourceVersion "1"]
[SourceVersionDate "2024.07.31"]
[SourceQuality "1"]

1. d4 d6 2. Nf3 f5 3. Nc3 Nf6 4. Bg5 d5 5. e3 e6 6. Bd3 Be7 7. 0-0 Nbd7 8. Ne2 Ne4 9. Bxe7 Qxe7 10. c4 c6 11. Qc2 0-0 12. Rad1 g5 13. Ne5 Nd6 14. f4 Kh8 15. Ng3 gxf4 16. exf4 Ne4 17. Qe2 Nxe5 18. Bxe4 Ng6 19. Bd3 Bd7 20. Qe3 Rg8 21. Kh1 Qh4 22. Ne2 Qf6 23. Ng1 Be8 24. Nf3 Bf7 25. Rd2 Rg7 26. Re1 Bg8 27. Rde2 h6 28. g3 Rd8 29. Qc1 Nf8 30. Qc3 Bf7 31. Re3 Bg8 32. Bf1 a6 33. a4 Rgd7 34. Ne5 Rg7 35. a5 Ng6 36. Nf3 Rgd7 37. Qb4 Bf7 38. Qc5 Kg7 39. Rb3 Qe7 40. Qa3 Qf6 41. Rb4 c5 42. dxc5 d4 43. Bd3 Ne7 44. Rb6 Nc6 45. Ne5 Nxe5 46. Rxe5 Qg6 47. Qb3 Qh5 48. Be2 Qh3 49. Qd3 h5 50. Bf1 Qg4 51. h4 Kf8 52. Kh2 Qg6 53. Bh3 Qg7 54. Bg2 Bg8 55. b4 Rc7 56. Rd6 Rcd7 57. Qxd4 Qe7 58. Rxd7 Rxd7 59. Qe3 Qd8 60. c6 bxc6 61. Qc5+ Kg7 62. Qxc6 Rd1 63. Re2 Qd4 64. Qc5 Qxc5 65. bxc5 Rc1 66. Rb2 Rxc4 67. c6 Rc5 68. Rb6 Rc2 69. Kh3 Rc3 70. Rxa6 e5 71. fxe5 f4 72. c7 Rxc7 73. gxf4 Rc3+ 74. Kh2 Rc2 75. Kg1 Rc1+ 76. Kf2 Rc2+ 77. Ke3 Rxg2 78. f5 Bh7 79. Ra7+ Kh6 80. f6 Rg4 81. f7 Re4+ 82. Kf3 Kg7 83. f8Q+ Kxf8 84. Rxh7 Rxe5 85. a6 Ra5 86. a7 1-0

[Event "Katowice Silesia 100th Ann op"]
[Site "Katowice"]
[Date "2024.04.27"]
[Round "5"]
[White "Wojtaszek, Radoslaw"]
[Black "Piesik, Piotr"]
[Result "1-0"]
[WhiteElo "2671"]
[BlackElo "2417"]
[PlyCount "53"]
[EventDate "2024.04.27"]
[EventType "swiss (rapid)"]
[EventRounds "11"]
[EventCountry "POL"]
[SourceTitle "CBM 220 Extra"]
[Source "ChessBase"]
[SourceDate "2024.07.31"]
[SourceVersion "1"]
[SourceVersionDate "2024.07.31"]
[SourceQuality "1"]

1. d4 d5 2. c4 c6 3. Nf3 Nf6 4. Nc3 dxc4 5. a4 Bf5 6. Nh4 Bd7 7. e4 e6 8. g3 Bb4 9. Bg2 c5 10. d5 exd5 11. exd5 Bg4 12. Qc2 0-0 13. 0-0 Nbd7 14. Bf4 Re8 15. h3 Bh5 16. d6 Ne5 17. Nb5 Ba5 18. g4 Bg6 19. Nxg6 hxg6 20. Rad1 a6 21. Na3 Qd7 22. Bxe5 Rxe5 23. Nxc4 Re6 24. Nxa5 Rxd6 25. Nxb7 Rxd1 26. Rxd1 Qc7 27. Qxc5 1-0

[Event "Titled Tuesday intern op 02nd Apr Early"]
[Site "Chess.com INT"]
[Date "2024.04.02"]
[Round "5"]
[White "Janaszak, Dawid"]
[Black "Wojtaszek, Radoslaw"]
[Result "0-1"]
[WhiteElo "2308"]
[BlackElo "2671"]
[PlyCount "64"]
[EventDate "2024.04.02"]
[EventType "swiss (blitz)"]
[EventRounds "11"]
[EventCountry "USA"]
[SourceTitle "CBM 219 Extra"]
[Source "ChessBase"]
[SourceDate "2024.05.31"]
[SourceVersion "1"]
[SourceVersionDate "2024.05.31"]
[SourceQuality "1"]

1. e4 c6 2. d4 d5 3. exd5 cxd5 4. Bd3 Nc6 5. c3 e6 6. Bf4 Bd6 7. Bxd6 Qxd6 8. Nf3 Nge7 9. Nbd2 0-0 10. Bxh7+ Kxh7 11. Ng5+ Kg6 12. Ndf3 f6 13. Qd3+ Nf5 14. g4 fxg5 15. gxf5+ Rxf5 16. Rg1 Kf6 17. h4 Qf4 18. hxg5+ Ke7 19. Rg3 Bd7 20. Kf1 Raf8 21. Re1 Kd8 22. Qb5 Kc7 23. Qc5 Kb8 24. g6 Qc7 25. Re3 Bc8 26. Ng5 Rxf2+ 27. Kg1 b6 28. Qa3 Qf4 29. Nf7 Rf1+ 30. Kg2 Qf2+ 31. Kh3 Rh1+ 32. Kg4 Qf5# 0-1

[Event "Bundesliga 2324"]
[Site "Germany"]
[Date "2024.02.25"]
[Round "11.3"]
[White "Kozul, Zdenko"]
[Black "Wojtaszek, Radoslaw"]
[Result "0-1"]
[WhiteElo "2533"]
[BlackElo "2668"]
[PlyCount "52"]
[EventDate "2023.10.21"]
[EventType "team-tourn"]
[EventRounds "15"]
[EventCountry "GER"]
[SourceTitle "CBM 218 Extra"]
[Source "ChessBase"]
[SourceDate "2024.03.31"]
[SourceVersion "1"]
[SourceVersionDate "2024.03.31"]
[SourceQuality "1"]
[WhiteTeam "Deizisau"]
[BlackTeam "Baden-Baden"]
[WhiteTeamCountry "GER"]
[BlackTeamCountry "GER"]

1. d4 Nf6 2. c4 e6 3. g3 Bb4+ 4. Bd2 a5 5. Bg2 d5 6. Nf3 0-0 7. 0-0 dxc4 8. a3 Be7 9. a4 c6 10. Na3 b5 11. axb5 Bxa3 12. bxa3 cxb5 13. Qb1 Qb6 14. e4 Bb7 15. Re1 Nbd7 16. Ra2 Rfc8 17. Rb2 Bxe4 18. Rxe4 Nxe4 19. Qxe4 Nf6 20. Qe1 Nd5 21. Ne5 Qxd4 22. Rxb5 c3 23. Bc1 c2 24. Bf3 Nc3 25. Rb7 Qd1 26. Qf1 Rab8 0-1

[Event "Titled Tuesday intern op 13th Feb Early"]
[Site "Chess.com INT"]
[Date "2024.02.13"]
[Round "9"]
[White "Antunez, Soler Luis"]
[Black "Wojtaszek, Radoslaw"]
[Result "1-0"]
[WhiteElo "2200"]
[BlackElo "2666"]
[PlyCount "67"]
[EventDate "2024.02.13"]
[EventType "swiss (blitz)"]
[EventRounds "11"]
[EventCountry "USA"]
[SourceTitle "CBM 218 Extra"]
[Source "ChessBase"]
[SourceDate "2024.03.31"]
[SourceVersion "1"]
[SourceVersionDate "2024.03.31"]
[SourceQuality "1"]

1. e4 c6 2. d4 d5 3. Nc3 dxe4 4. Nxe4 Nd7 5. Bc4 Ngf6 6. Ng5 e6 7. Qe2 Nb6 8. Bb3 h6 9. N5f3 c5 10. dxc5 Bxc5 11. Ne5 0-0 12. Ngf3 Nbd7 13. g4 Nxe5 14. Nxe5 Bd4 15. c3 Bxe5 16. Qxe5 Nd7 17. Qg3 Nc5 18. Bc2 Qd5 19. Rg1 f6 20. Bf4 e5 21. Bd2 Be6 22. Qe3 Rad8 23. h4 e4 24. g5 fxg5 25. hxg5 Rf3 26. Qd4 h5 27. Qxd5 Rxd5 28. Be3 Nd3+ 29. Bxd3 exd3 30. Kd2 Bf5 31. Rae1 a6 32. Bd4 Rd7 33. g6 Rxd4 34. Re8# 1-0